| 000 | nam a22 a 4500 | ||
|---|---|---|---|
| 999 |
_c371 _d371 |
||
| 003 | AKMAL | ||
| 005 | 20170503152450.0 | ||
| 008 | 170503s2005 my | e | 000 | eng d | ||
| 020 |
_a983720530X (pbk.) : _cRM17.50 |
||
| 040 | _aAKMAL | ||
| 082 | 0 | 4 | _a133.8 DEN |
| 090 | 0 | 0 |
_a133.8 _bDEN |
| 100 | 1 |
_aDenning, Melita _9839 |
|
| 245 | 1 | 0 |
_aPractical guide to psychic powers : _bawaken your sixth sense / _cDenning & Phillips |
| 260 |
_aPetaling Jaya : _bGolden Books Centre, _c2005 |
||
| 300 |
_axvi, 199p. : _bill. ; _c20cm. |
||
| 650 | 1 | 0 |
_aParapsychology _9840 |
| 650 | 2 | 0 |
_aPsychic ability _9841 |
| 700 | 1 |
_aPhillips, Osborne _9842 |
|
| 942 |
_2ddc _cBOOK |
||